| 000 | 00332nam a2200121Ia 4500 | ||
|---|---|---|---|
| 008 | 231129s2002||||xx |||||||||||||| ||spa|| | ||
| 040 | _bspa | ||
| 082 | _a(EN PROCESO DE DESCARTE) 344.021861 C327 2002 | ||
| 245 | 0 | _aCartilla de seguridad social y pensiones | |
| 260 | _c2002 | ||
| 264 | _aBogotá(Colombia): Legis | ||
| 942 |
_2ddc _cBKS |
||
| 999 |
_c6729 _d6729 |
||